Let Us Python (Record no. 369430)

MARC details
000 -LEADER
fixed length control field 00262 a2200121 4500
005 - DATE AND TIME OF LATEST TRANSACTION
control field 20251218135645.0
020 ## - INTERNATIONAL STANDARD BOOK NUMBER
International Standard Book Number 9789365891034
100 ## - MAIN ENTRY--PERSONAL NAME
Personal name Kanetkar Y.P.
9 (RLIN) 215898
245 ## - TITLE STATEMENT
Title Let Us Python
250 ## - EDITION STATEMENT
Edition statement 7th
260 ## - PUBLICATION, DISTRIBUTION, ETC. (IMPRINT)
Name of publisher, distributor, etc. BPB Publications
Date of publication, distribution, etc. 2019
942 ## - ADDED ENTRY ELEMENTS (KOHA)
Koha item type Article
Holdings
Withdrawn status Lost status Source of classification or shelving scheme Damaged status Not for loan Home library Current library Date acquired Vendor Cost, normal purchase price Total Checkouts Full call number Barcode Checked out Date last seen Date last checked out Cost, replacement price Bill Date Koha item type
    Dewey Decimal Classification     Cummins College of Engineering for Women Pune Cummins College of Engineering for Women Pune 19/12/2025 149 337.50 5 005.13'3 KAN CCEP-BK-70066 13/04/2026 30/03/2026 30/03/2026 450.00 19/12/2025 Books